Последние экспериментальные исследования гиперзвукового турбулентного пограничного слоя (Запись № 8423717)

Подробности
000 -МАРКЕР
контрольное поле 01286nam0a22003131 4500
001 - ИДЕНТИФИКАТОР ЗАПИСИ
контрольное поле rc\4944745
005 - ИДЕНТИФИКАТОР ВЕРСИИ
контрольное поле 20250612212220.0
035 ## - ДРУГИЕ СИСТЕМНЫЕ НОМЕРА
Идентификатор записи (NLR Aleph) 008854835
100 ## - ДАННЫЕ ОБЩЕЙ ОБРАБОТКИ
Данные общей обработки 20130426d1968 |||y0rusy50 ca
101 0# - ЯЗЫК РЕСУРСА
Язык текста, звукозаписи и т.д. русский
102 ## - СТРАНА ПУБЛИКАЦИИ ИЛИ ПРОИЗВОДСТВА
Страна публикации Российская Федерация
105 ## - ПОЛЕ КОДИРОВАННЫХ ДАННЫХ: ТЕКСТОВЫЕ МАТЕРИАЛЫ, МОНОГРАФИЧЕСКИЕ
Кодированные данные о монографическом текстовом документе a z |||||
200 1# - ЗАГЛАВИЕ И СВЕДЕНИЯ ОБ ОТВЕТСТВЕННОСТИ
Основное заглавие Последние экспериментальные исследования гиперзвукового турбулентного пограничного слоя
Параллельное заглавие Recent Experiments in Hypersonie Turbulen
Сведения, относящиеся к заглавию Boundary Layers. Nasa T.N., 1965, v 10-14, № x-56335, 22 p.p.]
Первые сведения об ответственности [Bertram M.H., Neal L.
Последующие сведения об ответственности ЦАГИ. Бюро науч.-техн. информации
210 ## - ПУБЛИКАЦИЯ, РАСПРОСТРАНЕНИЕ И ДР.
Место издания, распространения и т.д. [Москва]
Имя издателя, распространителя и т. д. Изд. отд. ЦАГИ
Дата издания, распространения и т.д. 1968
215 ## - ФИЗИЧЕСКАЯ ХАРАКТЕРИСТИКА
Специфическое обозначение материала и объем 34 с.
Другие сведения о физической характеристике ил.
Размеры 28
225 1# - СЕРИЯ
Основное заглавие серии Обзоры. Переводы. Рефераты
Обозначение тома № 237
Наименование части Переводы
300 ## - ОБЩИЕ ПРИМЕЧАНИЯ
Текст примечания Отпеч. множит. аппаратом
320 ## - ПРИМЕЧАНИЯ О НАЛИЧИИ В ДОКУМЕНТЕ БИБЛИОГРАФИИ / УКАЗАТЕЛЯ
Текст примечания Библиогр.: с. 32-34
333 ## - ПРИМЕЧАНИЯ ОБ ОСОБЕННОСТЯХ РАСПРОСТРАНЕНИЯ И ИСПОЛЬЗОВАНИЯ
Текст примечания Изд. подписное
510 0# - ПАРАЛЛЕЛЬНОЕ ЗАГЛАВИЕ
Параллельное заглавие Recent Experiments in Hypersonie Turbulen
Язык заглавия русский
700 #1 - ИМЯ ЛИЦА - ПЕРВИЧНАЯ ОТВЕТСТВЕННОСТЬ
Начальный элемент ввода Бертрам
Часть имени, кроме начального элемента ввода М.Г.
701 #1 - ИМЯ ЛИЦА - АЛЬТЕРНАТИВНАЯ ОТВЕТСТВЕННОСТЬ
Начальный элемент ввода Ниил
Часть имени, кроме начального элемента ввода Л.
801 #0 - ИСТОЧНИК ЗАПИСИ
Страна Российская Федерация
Организация NLR
Правила каталогизации psbo
801 #1 - ИСТОЧНИК ЗАПИСИ
Страна Российская Федерация
Организация ELAR
Источник данных rusmarc
852 ## - МЕСТОНАХОЖДЕНИЕ И ШИФР ХРАНЕНИЯ
Идентификатор организации NLR
Шифр хранения (Call Number) П11/2256
852 ## - МЕСТОНАХОЖДЕНИЕ И ШИФР ХРАНЕНИЯ
Идентификатор организации NLR
Наименование фонда или коллекции (Sub-Location Identifier) ОСХ
942 ## - ДОПОЛНИТЕЛЬНЫЕ ЭЛЕМЕНТЫ ЗАПИСИ (АБИС)
Тип экземпляра АБИС Книга
980 ## - КОЛЛЕКЦИЯ
Название коллекции Национальная библиография
Экземпляры
Тип экземпляра Дата поступления Библиотека постоянного хранения Библиотека текущего хранения Место хранения Шифр хранения Штрих-код Статус экземпляра
Книга 26.10.2013 РНБ (Московский) РНБ (Московский) Русский журнальный фонд П11/2256 8854835-10  
Книга 26.10.2013 РНБ (Московский) РНБ (Московский) Фонд литературы для служебного пользования ОСХ 8854835-20